Немски морски новели (Запис номер 186473)
[ съкратено ]
| 000 -Лидер | |
|---|---|
| Контролно поле с фиксирана дължина | 01315nam a2200337 a 4500 |
| 003 - Код на организацията, давaща контролен номер | |
| Контролно поле | BLK |
| 005 - Дата и час на последна редакция | |
| Контролно поле | 20240925005454.0 |
| 008 - Елементи от данни с фиксирана дължина | |
| fixed length control field | 180411b bul|||||r ||||||| ||bul|| |
| 010 ## - Наследен системен номер | |
| LC control number | KNG00195468000 |
| 040 ## - Източник на каталожния запис | |
| Идентификатор на билиотеката - собственик на записа | BLK |
| 041 ## - Код за език | |
| Код за езика на текст/звукозапис или на отделно заглавие | Български |
| Код за езика КДБФ | Български |
| 080 ## - УДК | |
| Текстов определител УДК | ?Литература на ГДР |
| УДК код - определител по УДК | 830.2 |
| УДК определител | -32 |
| УДК - код + определител | 830.2-32 |
| 080 ## - УДК | |
| Текстов определител УДК | ?Литература на ФРГ |
| УДК код - определител по УДК | 830.1 |
| УДК определител | -32 |
| УДК - код + определител | 830.1-32 |
| 139 ## - Редно поле | |
| Редна дума | Дилов, Любен Иванов |
| Авторски знак | Дил - Д 55 |
| 245 10 - Сведения за заглавието | |
| Заглавие | Немски морски новели |
| Подзаглавни данни | Антология |
| Редно поле (дума) | състав. и ред. с предг. Любен Иванов Дилов; прев. от нем. Димитър Стоевски. |
| 257 ## - Страна на издаване | |
| Страна на създаване/издаване | Германия |
| 260 ## - Област на издателските данни | |
| Място на издаване, разпространение и проч. | Варна |
| Име на издателя, разпространителя и проч. | Георги Бакалов |
| Година на издаване | 1974 |
| 300 ## - Физическа характеристика | |
| Страници | 392 с. |
| Размери/Мащаб | 21 см |
| 380 ## - Жанр | |
| Жанр | Худож. лит. |
| 490 ## - СЕРИИ (Колекции) | |
| Име на серия | Поредица Световни морски новели |
| №: серия | Кн. 7 |
| 9 (RLIN) | 205247 |
| 500 ## - Общи забележки | |
| Забележка | 25 100 тир. |
| 700 1# - Други автори (авторска отговорност) | |
| Лично име | Дилов, Любен Иванов |
| Автороска отговорност (Описва отношението между автора и произведението) | състав. и ред. с предг. |
| 9 (RLIN) | 380324 |
| 700 ## - Други автори (авторска отговорност) | |
| Лично име | Стоевски, Димитър |
| Пълна форма на името | Чолаков, Димчо Стоев |
| 9 (RLIN) | 364897 |
| 852 ## - Местоположение | |
| Форматна сигнатура | Цб 76847 |
| Фондова буква | Хранилище |
| 856 4# - Електронен адрес и достъп | |
| Електронен формат | pdf - файл |
| 856 4# - Електронен адрес и достъп | |
| Електронен формат | pdf - файл |
| 999 ## - СИСТЕМНИ КОНТРОЛНИ НОМЕРА | |
| Koha biblionumber | 186473 |
| Koha biblioitemnumber | 186473 |
| 942 ## - АРТИКУЛИ | |
| Вид на библиотечния материал | Книги |
| Скрит в OPAC | Не |
| Периодичен библиозапис | Да |
| 944 ## - СЪЗДАВАНЕ И РЕДАКЦИЯ на ЗАПИСА | |
| Създаване/Редакция | Създаване |
| Дата на регистрацията/редакция | 08.11.2016 |
| Служител, извършил регистрацията/редакцията | |
| Статус, дата на статуса | CRON CRON |
| 944 ## - СЪЗДАВАНЕ И РЕДАКЦИЯ на ЗАПИСА | |
| Създаване/Редакция | Редакция |
| Дата на регистрацията/редакция | 2022-09-29 |
| Служител, извършил регистрацията/редакцията | ир |
| 999 ## - СИСТЕМНИ КОНТРОЛНИ НОМЕРА | |
| Koha biblioitemnumber | 186473 |
| Код за отписване | Код за изгубен артикул | Източник на класификационната схема | Код за повреда | Коз за рестрикции | Код за отдаване | Артикулен № | Име на библиотеката - собственик | Име на библиотеката, в която се намира в момента | Статус (Текущо местоположение) | Дата на вписване в системата | Местоположение - отдел | Цена в лева | Инвентарен номер | Систематично азбучна сигнатура | Баркод | Номер на екземпляра | Цена в евро | Служебна бележка | Служебен тип на артикула |
|---|---|---|---|---|---|---|---|---|---|---|---|---|---|---|---|---|---|---|---|
| Не е изгубен | Universal Decimal Classification | Не е повреден | само за читалня | ползва се в читалня | 324678 | Регионална библиотека "Любен Каравелов" Русе | Регионална библиотека "Любен Каравелов" Русе | Хранилище | 1974-01-01 | Хранилище | 1.85 | 187518 | Цб 76847 | 120000187518 | 1 | 0.95 | N: стар фонд Дата: 01.01.1974 | Книги | |
| Изтеглен | Не е изгубен | Universal Decimal Classification | Не е повреден | без рестрикции | заемане за дома | 324679 | Регионална библиотека "Любен Каравелов" Русе | Регионална библиотека "Любен Каравелов" Русе | Дубликат | 1974-01-01 | Заемна - подръчен фонд | 1.85 | 199572 | П 830-32/Д 55 | 120000199572 | 2 | 0.95 | N: стар фонд Дата: 01.01.1974 Дата инв: 20.03.2018 Бележки инв: П2018 | Книги |